000 00327pab a2200133 454500
008 180718b xxu||||| |||| 00| 0 eng d
100 _aBaker Laurie
245 _aCan we make slums labitable
362 _a28 Sep 1994, p.8
650 _a Slums -- India
650 _aCities and Towns -- India
773 _aHindu
909 _a27170
999 _c27170
_d27170